Statistiques concernant Les portes-avions de la Marine française.

Cliquez ici pour prendre le quiz!

Statistiques générales

  • Ce quiz a été pris 254 fois
  • Le résultat moyen est 4 sur 15

Statistiques - réponses

Dates de service dans la marine françaiseType de quizNoms des portes-avions% Correct
2001-...Charles de Gaulle
99%
1961-1997Clemenceau
71%
1963-2000Foch
69%
1928-1945Béarn
22%
1946-1974Arromanches
21%
1953-1960Bois Belleau
19%
1951-1963La Fayette
19%
1946-1966Dixmude
13%
1920-1936Portes-avionsBapaume
10%
1929-1942Commandant Teste
9%
1910-1921Portes-hydravionsFoudre
7%
1914-?Rouen
6%
1915-1919Nord
5%
1915-1916Pas-de-Calais
5%
1915-?Campinas
4%

Distribution des résultats

Percentile par nombre de réponses

% des personnes avec chaque résultat

Votre développement - résultats

Vous n’avez pas pris ce quiz